000
00340pam a2200157a 44500
008
230515b1982 xxu||||| |||| 00| 0 eng d
020
_a
NULL
041
_a
ENGLISH
082
_a
630
100
_a
IS: 2709-1982
245
_a
GUIDE FOR SELECTION OF FITS
250
_a
0
260
_a
DELHI
_b
ISI
_c
1982
300
_a
18
650
_a
NULL
999
_c
652590
_d
652590